Cambios políticos y evolución de los partidos en Cataluña (1995-2007) /
Spremljeno u:
| Glavni autor: | |
|---|---|
| Daljnji autori: | , |
| Format: | Tekst |
| Oznake: |
Dodaj oznaku
Bez oznaka, Budi prvi tko označuje ovaj zapis!
|
MARC
| LEADER | 00000 a a2200000 04500 | ||
|---|---|---|---|
| 001 | 44849 | ||
| 003 | |||
| 040 | |||
| 100 | |a Barbera, Oscar | ||
| 245 | |a Cambios políticos y evolución de los partidos en Cataluña (1995-2007) / |c Oscar Barbera, Astrid Barrio, Juan Rodríguez | ||
| 700 | |a Astrid Barrio, Astrid | ||
| 700 | |a Rodríguez, Juan | ||
| 773 | |g número277 ( , 2009), 39 páginas : tablas, gráficos | ||
| 999 | |c 31050 |d 31050 | ||
